Name that Artist - Statistics

General Stats
  • This quiz has been taken 24 times
  • The average score is 10 of 20
Answer Stats
Hint Answer % Correct
Starry Night Vincent Van Gogh
100%
Mona Lisa Leonardo Da Vinci
95%
Guernica Pablo Picasso
90%
The Water Lily Pond Claude Monet
85%
The Night Watch Rembrandt Van Rijn
80%
The Persistence of Memory Salvador Dalí
75%
Girl with a Pearl Earring Johannes Vermeer
70%
The Kiss Gustav Klimt
55%
Las Meninas Diego Velázquez
50%
Nighthawks Edward Hopper
50%
A Sunday Afternoon on the Island of La Grande Jatte Georges Seurat
45%
Saturn Devouring His Son Francisco Goya
35%
Self-Portrait with Thorn Necklace and Hummingbird Frida Kahlo
35%
The Great Wave off Kanagawa Hokusai
35%
The Swing Jean-Honoré Fragonard
30%
Judith Slaying Holofernes Artemisia Gentileschi
25%
Black Iris Georgia O'Keeffe
25%
The Son of Man René Magritte
25%
Christina's World Andrew Wyeth
20%
The Dream Henri Rousseau
10%
No matching quizzes found
Score Distribution
Percent of People with Each Score
Percentile by Number Answered
Your Score History
You have not taken this quiz